Rhymes With Ox Quiz Stats

Quiz Updated Aug 31, 2017

Also try: Rhymes With Own
Challenge
Share
Tweet
Embed
Score 0/42 Timer 05:00
1 Play Today
% Correct
box
97.5%
fox
93.1%
socks
89.9%
rocks
89.5%
locks
88.3%
docks
86.3%
pox
83.5%
mocks
82.3%
cocks
79.5%
cox
76.7%
lox
76.6%
knocks
76.3%
blocks
74.6%
hocks
72.8%
jocks
72.4%
clocks
72.1%
sox
68.1%
pocks
64.1%
flocks
63.2%
stocks
61.9%
crocks
60.5%
% Correct
frocks
55.9%
vox
55.4%
nocks
51.8%
shocks
51.2%
brocks
50.5%
bocks
49.4%
chocks
43.7%
smocks
33.8%
crocs
32.9%
woks
29.9%
lochs
18.9%
docs
18.6%
blocs
14.8%
phlox
11.4%
rocs
8.9%
mocs
8.1%
flocs
5.4%
schlocks
5.2%
groks
4%
loughs
1.4%
lakhs
0.9%

You're not logged in!

Compare scores with friends on all Sporcle quizzes.
Sign Up with Email
OR
Log In

You Might Also Like...

Show Comments

Extras

Top Quizzes Today


Score Distribution

Your Account Isn't Verified!

In order to create a playlist on Sporcle, you need to verify the email address you used during registration. Go to your Sporcle Settings to finish the process.